Score 0/20 Timer 02:00
0 Plays Today
Question Answer Wrong Answers
Pick the word that does not rhyme with the color in which it is written. Morgue
75.3%
Tread
0.7%
Alkene
2.1%
Jell-O
0.8%
Pick the word that does not rhyme with the color in which it is written. Feign
74.6%
Gown
2.1%
Slink
0.8%
Flu
0.8%
Pick the word that does not rhyme with the color in which it is written. Strange
74.2%
Eschew
2.8%
Drown
0.8%
Cello
1.1%
Pick the word that does not rhyme with the color in which it is written. Oink
73.9%
Knew
1.9%
Fled
0.8%
Glean
1.7%
Pick the word that does not rhyme with the color in which it is written. Plow
73.7%
Clown
1%
Through
3.1%
Drink
0.5%
Pick the word that does not rhyme with the color in which it is written. Sown
73.4%
You
2.4%
Fellow
1.2%
Queen
1.7%
Pick the word that does not rhyme with the color in which it is written. Cosine
73.3%
Slink
1%
Spread
1.4%
Thwack
2.8%
Pick the word that does not rhyme with the color in which it is written. Segue
72.2%
Bread
0.9%
Noun
1.9%
Caffeine
3.7%
Pick the word that does not rhyme with the color in which it is written. Unknown
71.7%
Zinc
1%
Choux
5.4%
Flak
0.8%
Pick the word that does not rhyme with the color in which it is written. Blared
71.2%
Gnu
1.6%
Codeine
4.7%
Frown
0.8%
Pick the word that does not rhyme with the color in which it is written. Disallow
70.4%
Benzene
3.3%
Canoe
4%
Dread
0.7%
Pick the word that does not rhyme with the color in which it is written. Deliver
70.4%
Untrue
1.3%
Yak
1.5%
Stead
4.9%
Pick the word that does not rhyme with the color in which it is written. Blown
69.2%
Skew
2.3%
Bred
0.8%
Vaccine
6.4%
Pick the word that does not rhyme with the color in which it is written. Mead
67.8%
Lien
7%
Lieu
2.4%
Sync
1.3%
Pick the word that does not rhyme with the color in which it is written. Thorough
66.6%
Chlorine
3.8%
Knucklehead
4%
Felloe
3.9%
Pick the word that does not rhyme with the color in which it is written. Plead
63.8%
Debut
9.1%
Shrink
0.6%
Duello
5.3%
Pick the word that does not rhyme with the color in which it is written. Thrown
61.7%
Casein
14.2%
Shred
0.6%
Queue
2.3%
Pick the word that does not rhyme with the color in which it is written. Derange
60.7%
Thread
0.7%
Coup
16.5%
Crown
0.8%
Pick the word that does not rhyme with the color in which it is written. Roué
57.9%
Othello
4.8%
Uptown
8.1%
Hygiene
7.4%
Pick the word that does not rhyme with the color in which it is written. Beau
56.7%
Fed
0.5%
Bromine
19.8%
Quack
1.4%
Remove Ads.
Support Sporcle.
Get the best of Sporcle when you Go Orange. This ad-free experience offers more features, more stats, and more fun while also helping to support Sporcle. Thank you for becoming a member.

You're not logged in!

Compare scores with friends on all Sporcle quizzes.
OR
Log In

Show Comments

Extras

Top Quizzes Today


Score Distribution

Your Account Isn't Verified!

In order to create a playlist on Sporcle, you need to verify the email address you used during registration. Go to your Sporcle Settings to finish the process.

Report this User

Report this user for behavior that violates our Community Guidelines.

Details: